000 00262nam a2200121Ia 4500
008 190216s9999||||xx |||||||||||||| ||und||
100 _aHenrik Ibsen
245 2 _aA Doll`S House
260 _bMacmillan
_c1982
300 _a92
650 _aEnglish
942 _cBK
999 _c13670
_d13670